Les victoires de la musique : artiste féminine de l'année - Statistiques

Statistiques générales
  • Ce quiz a été pris 53 fois
  • Le résultat moyen est 15 sur 40
Statistiques - réponses
Année Artiste % Correct
1990 Vanessa Paradis
77%
2008 Vanessa Paradis
77%
2014 Vanessa Paradis
77%
2023 Angèle
75%
1998 Zazie
68%
2002 Zazie
68%
2020 Clara Luciani
59%
2022 Clara Luciani
59%
1987 France Gall
57%
1988 Mylène Farmer
57%
2025 Zaho de Sagazan
57%
2024 Aya Nakamura
52%
1993 Véronique Sanson
52%
1996 Véronique Sanson
52%
1991 Patricia Kaas
50%
2001 Hélène Ségara
43%
2005 Françoise Hardy
39%
1985 Jeanne Mas
36%
2021 Pomme
36%
1994 Barbara
34%
1997 Barbara
34%
2012 Catherine Ringer
34%
2007 Olivia Ruiz
34%
2010 Olivia Ruiz
34%
1986 Catherine Lara
32%
1992 Jane Birkin
32%
2018 Charlotte Gainsbourg
25%
2006 Juliette
25%
2009 Camille
23%
2017 Jain
20%
1999 Axelle Red
18%
2004 Carla Bruni
18%
2015 Christine and the queens
18%
1995 Enzo Enzo
16%
2013 Lou Doillon
14%
2011 Yael Naim
11%
2016 Yael Naim
11%
2019 Jeanne Added
9%
2000 Natacha Atlas
7%
2003 Lynda Lemay
5%
Aucun quiz correspondant
Distribution des résultats
% des personnes avec chaque résultat
Percentile par nombre de réponses
Votre historique - résultats
Vous n’avez pas pris ce quiz